000 00520nam a2200193Ia 4500
001 14950
003 GE_BSU
008 181216s||||||||xx |||||||||||||| ||und||
040 _cGE_BSU
080 _a517.91(075.8)
100 _aБицадзе,А.В.
245 _aУравнения математической физики
260 _aМосква
260 _bНаука
260 _c1976
300 _a295стр.20см.
653 _aУравнения математической физики
942 _cBK
999 _c48070
_d48070